| 000 | 01325ncm0a2200349 4500 | ||
|---|---|---|---|
| 001 | RU\NLR\ONIZ\213271 | ||
| 005 | 20250624205232.0 | ||
| 013 | _a979-0-66000-218-6 | ||
| 035 | _aRU\NLR\ONIZ\GALA\5000026709\20151214115320 | ||
| 035 | _a(NLR Aleph) 010986050 | ||
| 071 | 2 | 0 | _aс 2284 к |
| 090 |
_a10902477 _c10902477 |
||
| 100 | _a20151214d1996 |||y0rusy50 ca | ||
| 101 | 0 | _arus | |
| 102 | _aRU | ||
| 125 | _aax | ||
| 200 | 1 |
_aЧтение нот _bНоты _eпособие для начинающих (шестиструн. гитара) _fЛ. В. Соколова |
|
| 210 |
_aСанкт-Петербург _cКомпозитор - Санкт-Петербург _dcop. 1996 |
||
| 215 |
_a33 с. _d29 см |
||
| 225 | 1 | _aУчусь играть на гитаре | |
| 606 | 1 |
_aГитара классическая для начинающих _yРоссия _z20-21 век _jНоты _2nlr_sh |
|
| 686 |
_aЩ956.419.1(2Р=Рус) _vLBC/SL _2rubbk |
||
| 700 | 1 |
_9z01790 _aСоколова _bЛ. В. _gЛюдмила Владимировна _4070 |
|
| 790 | 1 |
_9z01700 _aSokolova _bL. _gLyudmila _4070 |
|
| 801 | 0 |
_aRU _bNLR _c20151214 _gPSBO |
|
| 801 | 1 |
_aRU _bNLR _c20151214 _2rusmarc |
|
| 801 | 2 |
_aRU _bNLR _c20190305 |
|
| 852 |
_aNLR _bМ _jК-3/27601 _p257446 _t1 |
||
| 942 | _cSCORE | ||
| 980 | _aNB | ||
| 980 | _aONIZ | ||